Technické výkresy. STN 01 3121. ISO 128. Zmena 1 : Všeobecné zásady zobrazovania. September 1999
Saved in:
| Format: | Book |
|---|---|
| Language: | Slovak |
| Published: |
Bratislava :
Slovenský ústav technickej normalizácie,
1999
|
| Subjects: | |
| Tags: |
No Tags, Be the first to tag this record!
|
MARC
| LEADER | 00000nam a22000003a 4500 | ||
|---|---|---|---|
| 001 | stu81169 | ||
| 005 | 20150408161629.0 | ||
| 008 | 030624s1999----xo------------------slo-d | ||
| 040 | |a STU |b slo | ||
| 041 | 0 | |a slo | |
| 044 | |a xo | ||
| 080 | |a 744.4 | ||
| 245 | |a Technické výkresy. STN 01 3121. ISO 128. Zmena 1 : |b Všeobecné zásady zobrazovania. September 1999 | ||
| 260 | |a Bratislava : |b Slovenský ústav technickej normalizácie, |c 1999 | ||
| 300 | |a 2 s | ||
| 650 | 7 | |a výkresy technické |2 stusub | |
| 996 | |b 284M056797 |c M*N-458/1-1 |l MMST |s P |a 0 |w stu81169_0001 | ||